000 00347nam a22001337a 4500
008 230620b xxu||||| |||| 00| 0 eng d
020 _a226023443
082 _a320.91
_bAPT
100 _cDavid E Apter
245 _aThe Politics of Modernization
260 _aLondon
_bThe University of Chicago Press Ltd
_c1965
300 _a451p
942 _2ddc
_cBK
999 _c1616
_d1616